00916nam a2200241 a 450000100100000000500170001000800410002702000150006804000250008308200190010810000260012724501870015326000400034030000270038049000270040750400430043465000210047765000210049865000240051970000370054374000650058083000290064500002099920200930011217.0100828s1974 sp 000 d spa d a8430305165 aDO-SdBNPbspacBNPHU a842.42bM721am1 aMolière,d1622-167313aEl amor médico: comedia con bailables, en tres actos ; el enfermo imaginario: comedia con bailables, en tres actos /cMolière ; traducción y notas de Julio Gómez de la Serna. aBarcelona :bRamón Sopena,c1974. a175, [13] p. ;c18 cm.1 aBiblioteca sopenav516 aIncluye notas al pie de las páginas. 4aTeatro francés 4aComedia francesa 4aLiteratura francesa1 aGómez de la Serna, Julio,etr.3 aEl infierno imaginario: comedia con bailables, en tres actos 0aBiblioteca sopena ;v516